| 000 | 00482nam a2200181Ia 4500 | ||
|---|---|---|---|
| 008 | 170705s9999 xx 000 0 und d | ||
| 020 | _a9780545398886 | ||
| 245 | _aInto no man's land : | ||
| 245 | _bthe journal of Patrick Seamus Flaherty, United States Marine Corps / | ||
| 245 | _cEllen Emerson White. | ||
| 260 | _aNew York : | ||
| 260 | _bScholastic, | ||
| 260 | _c2002 | ||
| 300 | _a203 pages : | ||
| 300 | _bcolor illustration ; | ||
| 300 | _c19cm. | ||
| 500 | _a900 | ||
| 999 |
_c336505 _d336505 |
||